| 000 | 00818nam a22002297a 4500 | ||
|---|---|---|---|
| 003 | LK-CoMWRAF | ||
| 005 | 20240212224315.0 | ||
| 008 | 230929b2016 |||||||| |||| 00| 0 eng d | ||
| 020 | _a9789550028696 | ||
| 040 |
_aLK-CoMWRAF _dLK-CoMWRAF _eLK-CoMWRAF |
||
| 041 | _aeng | ||
| 082 |
_a340.092 _bDES |
||
| 100 | _aDe Silva, M.C.W. Prabhath | ||
| 245 |
_aLeonard Woolf as a Judge in Ceylon: _bA British civil servant as a judge in the Hambantota district of colonial Sri Lanka (1908-1911) |
||
| 250 | _a2nd edition | ||
| 260 |
_aBattaramulla : _bNeptune publications, _c2016 |
||
| 300 |
_a xi, 170 p.: ill., 1 map; 22 cm _bBibliography included |
||
| 650 | _aJUDGES-Sri Lanka | ||
| 650 | _aColonial administrators -- Sri Lanka -- Diaries. | ||
| 650 | _aHambantota (Sri Lanka)- Description and travel | ||
| 942 | _cBK | ||
| 999 |
_c3741 _d3741 |
||